Growing frogs / (Record no. 50171)
| 000 -LEADER | |
|---|---|
| fixed length control field | 00298nam a2200109 4500 |
| 020 ## - INTERNATIONAL STANDARD BOOK NUMBER | |
| International Standard Book Number | 9781406364651 |
| 100 ## - MAIN ENTRY--PERSONAL NAME | |
| Personal name | French, Vivian |
| 9 (RLIN) | 22534 |
| 245 ## - TITLE STATEMENT | |
| Title | Growing frogs / |
| Statement of responsibility, etc | Vivian French & Alison Bartlett |
| 260 ## - PUBLICATION, DISTRIBUTION, ETC. (IMPRINT) | |
| Place of publication, distribution, etc | London |
| Name of publisher, distributor, etc | Walker Books |
| Date of publication, distribution, etc | 2015 |
| 300 ## - PHYSICAL DESCRIPTION | |
| Extent | 29 p. |
| Other physical details | col. ill. |
| Dimensions | 25 cm. |
| 942 ## - ADDED ENTRY ELEMENTS (KOHA) | |
| Source of classification or shelving scheme | |
| Koha item type | Book |
| Withdrawn status | Lost status | Source of classification or shelving scheme | Damaged status | Not for loan | Collection code | Home library | Current library | Shelving location | Date acquired | Total Checkouts | Full call number | Barcode | Date last seen | Price effective from | Koha item type |
|---|---|---|---|---|---|---|---|---|---|---|---|---|---|---|---|
| TEACHERS' RESOURCES | Asian Hope Early Years Library | Asian Hope Early Years Library | Easy Reading | 02/09/2026 | E FRE | 211110 | 02/09/2026 | 02/09/2026 | Book |